La Presencia de Siva (Registro nro. 307504)

Detalles MARC
000 -ENCABEZADO
Número de control [NR] 00978cam a2200301Ma 4500
001 - NÚMERO DE CONTROL
control field ocn803805385
003 - IDENTIFICADOR DE CONTROL NÚMERO
control field Co-BoUCM
005 - FECHA Y HORA DE LA ÚLTIMA TRANSACCIÓN
control field 20171109094524.0
008 - DE LONGITUD FIJA DE DATOS DE ELEMENTOS - INFORMACIÓN GENERAL
Elementos de longitud fija [NR] 171109s2003 sp 000 e spa d
020 ## - NUMERO INTERNACIONAL NORMALIZADO PARA LIBROS [R]
Número Internacional Normalizado del libro [NR] 8478446796
020 ## - NUMERO INTERNACIONAL NORMALIZADO PARA LIBROS [R]
Número Internacional Normalizado del libro [NR] 9788478446797
029 0# - OTRO SISTEMA DE NÚMERO DE CONTROL (OCLC)
OCLC library identifier ESCBC
System control number .b33915477
035 ## - NUMERO DE CONTROL DEL SISTEMA [R]
Número de control del sistema [NR] (OCoLC)803805385
040 ## - FUENTE DE CATALOGACION [NR]
Agencia de catalogación original [NR] Co-BoUCM
Idioma de catalogación [NR] spa
Quien Cataloga Saul Niño
Quien Clasifica Saul Niño
041 1# - CODIGO DE IDIOMA [R]
Código de idioma para texto/pista de sonido o título separado [R] Español
050 14 - SIGNATURA TOPOGRAFICA DE LA BIBLIOTECA DEL CONGRESO (LC) [R]
Número clasificador [R] BL1218
Número del ítem [NR] .K8318 2003
100 1# - ASIENTO PRINCIPAL--NOMBRE PERSONAL [NR]
Nombre personal [NR] Kramrisch, Stella
Fechas asociadas con el nombre [NR] 1898-1981
ID Autoridad 88718
245 13 - MENCION DE TITULO [NR]
Título [NR] La Presencia de Siva
Mención de responsabilidad, etc. [NR] Stella Kramrisch ; traducción de María Tabuyo y Agustín López
260 ## - PUBLICACION, DISTRIBUCION, ETC. (PIE DE IMPRENTA) [R]
Lugar de publicación, distribución, etc. [R] Madrid
Nombre del editor, distribuidor, etc. [R] Siruela
Fecha de publicación, distribución, etc. [R] 2003
300 ## - DESCRIPCION FISICA [R]
Extensión [R] 484, 32 páginas
600 1# - ASIENTO SECUNDARIO DE MATERIA - NOMBRE PERSONAL [R]
Nombre personal [NR] Xiva (Divinitat hindú)
9 (RLIN) 88719
650 04 - ASIENTO SECUNDARIO DE MATERIA - TERMINO TEMATICO [R]
Término temático o nombre geográfico como elemento de entrada [NR] Templos budistas
Subdivisión geográfica [R] India
9 (RLIN) 88720
650 #7 - ASIENTO SECUNDARIO DE MATERIA - TERMINO TEMATICO [R]
Término temático o nombre geográfico como elemento de entrada [NR] Mitología
9 (RLIN) 19626
Subdivisión geográfica [R] India
650 #7 - ASIENTO SECUNDARIO DE MATERIA - TERMINO TEMATICO [R]
Término temático o nombre geográfico como elemento de entrada [NR] Hinduismo
9 (RLIN) 16848
Subdivisión general [R] Mitología
765 ## - ASIENTO DE IDIOMA ORIGINAL [R]
Título [NR] The Presence of Siva
942 ## - ELEMENTOS DE ENTRADA AGREGADOS (KOHA)
Sistema de clasificación DEWEY
Tema principal Arte
Tipo de ítem principal el descrito en 300a Libro
Edición 1
Clasificación 704.948945211
Parte restante de la signatura top. K896p
Existencias
Fecha de último préstamo Total préstamos Total Renewals Signatura topográfica Código de barras Última vez visto Ejemplar Costo de reposición Price effective from Tipo de ítem Perdido Sistema de clasificación Dañado No prestable Tipo de ítem específico Suprimido Ubicación habitual Ubicación actual Localización Fecha de creación Proveedor Forma de adquisición Costo
22/04/2025 1 1 704.948945211 K896p 100154659 06/12/2025 Ej.1 144573.00 01/11/2017 Libro   DEWEY     Libro   Claustro Claustro 2do piso 01/11/2017 37 Compra 144573.00